000 00869nam a22002297a 4500
001 44534
003 BD-RjUL
005 20211209053857.0
008 160718s1977 ii ||||| |||| 00| 0 ben d
035 _a(BD-RjUL) 44652
040 _aBD-RjUL
_bben
_cBD-RjUL
041 _aben
082 _223
_a891.4415
_bISN 1977
100 _aইসলাম, কাজী নজরুল
_9136659
245 1 0 _aনজরুল রচনা সম্ভার /
_c কাজী নজরুল ইসলাম
250 _a৭ম সং.
260 _aকলিকাতা :
_bহরফ প্রকাশনী,
_c১৯৭৭
300 _a[২২], ৩৩৪ পৃ. ;
_c২০ সেমি.
600 _aইসলাম, কাজী নজরুল,
_d১৮৯৯-১৯৭৬
_9136668
600 _aIslam, Kazi Nazrul,
_d1899-1976
_9136669
942 _2ddc
_cBK
999 _c44534
_d44534